Statistics for Countries States Capitals Elements Words Same 1st 4th letter

Click here to take the quiz!

General Stats

  • This quiz has been taken 140 times
  • The average score is 13 of 29

Answer Stats

ANSWER% Correct
Albania
75%
Astana
75%
India
71%
Ankara
69%
Amman
67%
Arkansas
67%
Apia
64%
Asmara
62%
Indiana
60%
Annapolis
58%
Antananarivo
56%
Indianapolis
55%
Oslo
55%
Astatine
53%
Barbados
47%
Albany
36%
Atlanta
35%
Neon
35%
Illinois
29%
Ohio
27%
That
27%
Indium
22%
San Salvador
22%
Tantalum
22%
Concord
20%
People
16%
Czech Republic
11%
Calcium
9%
Iodine
7%

Score Distribution

Percentile by Number Answered

Percent of People with Each Score

Your Score History

You have not taken this quiz